00498nam a2200145 a 450000100100000000500170001000800410002704000250006808200150009324501100010826000390021830000210025750000430027870000310032100002862520200930055037.0100310s1974 dr 000 0 spa d aDO-SdBNPbspacBNPHU axxxxbI39a00aÍndice alfabético del arancel de aduanas Ley No.170 /crecopilación Manuel Delfín Cabral Batista. aSanto Domingo :bEditorama,c1974. a196 p. ;c21 cm. aIncluye notas al pie de las páginas.1 aCabral B., Manuel Delfín